00281nam a2200109Ia 4500008004000000082001300040100001600053245002900069260005100098300001100149650001100160210210b1983 xxu||||| |||| 00| 0 eng d a413 MANT aMANNER (A). aTulu-english dictionary. aNew Delhi.bAsian Educational Services.,c1983 avi,687 aTulu